00736nam a22002415i 450000100060000000300090000600500170001500700030003200800410003502000180007604000220009408000150011610000220013124501280015325000250028126000370030630000370034350000120038070000260039270000210041870000220043985200330046166648ES-MaACL20230906165744.0t|930922s1993 sp ||||0| spa d a84-450-7139-4 aM-BN bspa cM-BN a820-31"19"1 aTolkien, J. R. R.13aEl silmarillion / cJ.R.R. Tolkien ; edición de Christopher Tolkien ; [traducción de Rubén Masera y Luis Domènech]. a1ª ed. de bolsillo. aBarcelona : bMinotauro, c1993. a432 p., [5] p. de map ; c18 cm. aIndice.1 aTolkien, Christopher.1 aMasera, Rubén.1 aDomènech, Luis. aES-MaACLjL-27133 bR.132745